<?xml version="1.0" encoding="UTF-8"?>
<record
    xmlns:xsi="http://www.w3.org/2001/XMLSchema-instance"
    xsi:schemaLocation="http://www.loc.gov/MARC21/slim http://www.loc.gov/standards/marcxml/schema/MARC21slim.xsd"
    xmlns="http://www.loc.gov/MARC21/slim">

  <leader>00550nas a22001697a 4500</leader>
  <controlfield tag="008">210325b        th ||||| |||| 00| 0 tha d</controlfield>
  <datafield tag="022" ind1=" " ind2=" ">
    <subfield code="a">08584753</subfield>
  </datafield>
  <datafield tag="041" ind1="0" ind2=" ">
    <subfield code="a">tha</subfield>
  </datafield>
  <datafield tag="245" ind1="1" ind2="0">
    <subfield code="a">&#xE27;&#xE32;&#xE23;&#xE2A;&#xE32;&#xE23; &#xE1E;.&#xE2A;.&#xE25;.</subfield>
  </datafield>
  <datafield tag="260" ind1="3" ind2=" ">
    <subfield code="b">&#xE2D;&#xE07;&#xE04;&#xE4C;&#xE01;&#xE32;&#xE23;&#xE1E;&#xE38;&#xE17;&#xE18;&#xE28;&#xE32;&#xE2A;&#xE19;&#xE34;&#xE01;&#xE2A;&#xE31;&#xE21;&#xE1E;&#xE31;&#xE19;&#xE18;&#xE4C;&#xE41;&#xE2B;&#xE48;&#xE07;&#xE42;&#xE25;&#xE01;</subfield>
  </datafield>
  <datafield tag="310" ind1=" " ind2=" ">
    <subfield code="a">&#xE23;&#xE32;&#xE22;&#xE2A;&#xE32;&#xE21;&#xE40;&#xE14;&#xE37;&#xE2D;&#xE19;</subfield>
  </datafield>
  <datafield tag="850" ind1=" " ind2=" ">
    <subfield code="a">NALT</subfield>
  </datafield>
  <datafield tag="942" ind1=" " ind2=" ">
    <subfield code="c">JNR</subfield>
  </datafield>
  <datafield tag="952" ind1=" " ind2=" ">
    <subfield code="0">0</subfield>
    <subfield code="1">0</subfield>
    <subfield code="4">0</subfield>
    <subfield code="7">0</subfield>
    <subfield code="8">CPER</subfield>
    <subfield code="a">NALT</subfield>
    <subfield code="b">NALT</subfield>
    <subfield code="d">2017-06-09</subfield>
    <subfield code="h">&#xE1B;&#xE35;&#xE17;&#xE35;&#xE48; 38  &#xE09;&#xE1A;&#xE31;&#xE1A;&#xE17;&#xE35;&#xE48; 251</subfield>
    <subfield code="l">0</subfield>
    <subfield code="p">2900004733</subfield>
    <subfield code="r">2017-06-09</subfield>
    <subfield code="w">2017-06-09</subfield>
    <subfield code="y">JNR</subfield>
  </datafield>
  <datafield tag="952" ind1=" " ind2=" ">
    <subfield code="0">0</subfield>
    <subfield code="1">0</subfield>
    <subfield code="4">0</subfield>
    <subfield code="7">0</subfield>
    <subfield code="8">CPER</subfield>
    <subfield code="a">NALT</subfield>
    <subfield code="b">NALT</subfield>
    <subfield code="d">2017-06-09</subfield>
    <subfield code="h">&#xE1B;&#xE35;&#xE17;&#xE35;&#xE48; 38  &#xE09;&#xE1A;&#xE31;&#xE1A;&#xE17;&#xE35;&#xE48; 251</subfield>
    <subfield code="l">0</subfield>
    <subfield code="p">2900004732</subfield>
    <subfield code="r">2017-06-09</subfield>
    <subfield code="w">2017-06-09</subfield>
    <subfield code="y">JNR</subfield>
  </datafield>
  <datafield tag="952" ind1=" " ind2=" ">
    <subfield code="0">0</subfield>
    <subfield code="1">0</subfield>
    <subfield code="4">0</subfield>
    <subfield code="7">0</subfield>
    <subfield code="8">CPER</subfield>
    <subfield code="a">NALT</subfield>
    <subfield code="b">NALT</subfield>
    <subfield code="d">2017-06-09</subfield>
    <subfield code="h">&#xE1B;&#xE35;&#xE17;&#xE35;&#xE48; 38  &#xE09;&#xE1A;&#xE31;&#xE1A;&#xE17;&#xE35;&#xE48; 250</subfield>
    <subfield code="l">0</subfield>
    <subfield code="p">2900004731</subfield>
    <subfield code="r">2017-06-09</subfield>
    <subfield code="w">2017-06-09</subfield>
    <subfield code="y">JNR</subfield>
  </datafield>
  <datafield tag="952" ind1=" " ind2=" ">
    <subfield code="0">0</subfield>
    <subfield code="1">0</subfield>
    <subfield code="4">0</subfield>
    <subfield code="7">0</subfield>
    <subfield code="8">CPER</subfield>
    <subfield code="a">NALT</subfield>
    <subfield code="b">NALT</subfield>
    <subfield code="d">2017-06-09</subfield>
    <subfield code="h">&#xE1B;&#xE35;&#xE17;&#xE35;&#xE48; 38  &#xE09;&#xE1A;&#xE31;&#xE1A;&#xE17;&#xE35;&#xE48; 250</subfield>
    <subfield code="l">0</subfield>
    <subfield code="p">2900004730</subfield>
    <subfield code="r">2017-06-09</subfield>
    <subfield code="w">2017-06-09</subfield>
    <subfield code="y">JNR</subfield>
  </datafield>
  <datafield tag="997" ind1=" " ind2=" ">
    <subfield code="c">44942</subfield>
  </datafield>
  <datafield tag="999" ind1=" " ind2=" ">
    <subfield code="c">84942</subfield>
    <subfield code="d">84942</subfield>
  </datafield>
</record>
